00442nam a2200097Ia 4500008004100000082000800041245017500049942000600224952009900230999001500329240331s9999 xx 000 0 und d bREP 0aReport of the world conference to review and appraise the achievements of the United Nations Decade for Women :bEquality, Development and Peace - Nairobi 15-26 July 1985 cL 001040708LaWERCLbWERCLcSSCd2024-03-31l0o 323.334 REPp3177r2024-03-31w2024-03-31yL c2446d2446